000 00533cam a2200157 4500500
005 20260329005242.0
041 _afre
042 _adc
100 1 0 _aBourgeois, Didier
_eauthor
700 1 0 _aBigot, Nouzha
_eauthor
245 0 0 _aDu Sens de l’inauthentique dans la cure des États limites. À propos d’un cas clinique
260 _c2008.
500 _a1
786 0 _nPsy Cause | 51 | 1 | 2008-01-03 | p. 20-26 | 1245-2394
856 4 1 _uhttps://shs.cairn.info/revue-psy-cause-2008-1-page-20?lang=fr&redirect-ssocas=7080
999 _c1841714
_d1841714